000 00580nam a2200193Ia 4500
005 20250326143305.0
008 250326s9999 xx 000 0 und d
020 _a1 86197 408 6
037 _aTextbook
040 _aFMSL
_beng
_cFMSL
041 _aeng
_2eng
084 _aX:74 P4
_qFMSL
100 _aPacek N
_9747771
245 0 _aEmerging markets : lesson for business success and the outlook for different markets
_cPacek N; Thorniley D
260 _aLondon
_bLondon, Profile
_c2004
300 _avii,216
942 _cTB
_hX:74 P4
999 _c1298940
_d1298940